00823nam a22002657a 4500001000400000003000900004005001700013007000400030008002800034020001600062040002200078082002700100100003900127245009100166260003600257300002000293490004300313490002000356534006100376650002100437650002400458700003300482830002200515830002000537078DO-SdBNP20230703135951.0078151005b1991 sp 00| 0 spa d a84753040001 aBPMSUbspacBPMSU 4a823.91bD754s 19912221 aDoyle, Arthur Conan, d1859-1930. 10aAventuras de Sherlock Holmes /cArthur Conan Doyle ; traducción Armando Lázaro Ros aBarcelona :bObservador, c1991 a95 p. ;c18 cm.0 aEl observador ; aSherlock Holmes v191 aSherlock Holmes aTítulo original : tThe adventures of Sherlock Holmes  4aCuentos ingleses 4aLiteratura inglesa 1 aLázaro Ros, Armandoetrad. 0aEl observadorn19 0aSherlock Holmes